[Event "EU-chT (Men) 11th"]
[Site "Pula"]
[Date "1997.05.??"]
[Round "3.4"]
[White "Kacheishvili, Giorgi"]
[Black "Sax, Gyula"]
[Result "1-0"]
[WhiteElo "2505"]
[BlackElo "2545"]
[Annotator "Psakhis,L"]
[PlyCount "41"]
[EventDate "1997.05.05"]
[EventType "team-swiss"]
[EventRounds "9"]
[EventCountry "CRO"]
[SourceTitle "CBM 057 Extra"]
[Source "ChessBase"]
[SourceDate "1997.05.01"]
[SourceVersion "1"]
[SourceVersionDate "1997.05.01"]
[SourceQuality "1"]
[WhiteTeam "Georgia"]
[BlackTeam "Hungary"]
[WhiteTeamCountry "GEO"]
[BlackTeamCountry "HUN"]

1. d4 Nf6 2. c4 e6 3. Nc3 Bb4 4. e3 c5 5. Nge2 b6 6. a3 Ba5 7. Rb1 Na6 {
Very risky variant, but still White didn't show clear way to advantage.} 8. Ng3
(8. Bd2 O-O 9. Ng3 d5 10. cxd5 cxd4 11. exd4 Bxc3 12. bxc3 exd5 13. f3 Nc7 14.
Kf2 Re8 {0-1 Knaak,R-Christiansen,L/GER-Cup 1997 (42)}) 8... Bb7 9. f3 O-O 10.
Bd2 d5 $5 {N New and strong move. Whites chanses are slightly better after} (
10... cxd4 11. exd4 Bxc3 12. bxc3 (12. Bxc3 d5 13. b3 Qe7 14. Bb2 Rfd8 15. Qe2
Nb8 16. Qe3 Nc6 17. Be2 a5 18. O-O a4 19. b4 dxc4 {1/2-1/2 Goehring,K-Mohrlok,
D/BL 1996}) 12... d6 13. Bd3 Nb8 14. O-O Nbd7 15. f4 $1 Qc7 16. f5 e5 17. Nh5
$14 {1-0 Rechlis,G-Psakhis,L/Tel Aviv 1992 (40)}) 11. b4 $5 {Interesting move,
but it can't pretended for refutation of all variant.} (11. cxd5 $5 cxd4 12.
exd4 Bxc3 (12... Nxd5 13. b4 $16) 13. bxc3 exd5 14. Bd3 Re8+ 15. Kf2 Nc7 $13)
11... cxb4 12. Na4 $5 ({Safer was to play} 12. Na2 $5 b3 13. Rxb3 Bxd2+ 14.
Qxd2 Rc8 15. c5 Nb8 $11 {but who thinks about safety when hi is 20 years old!?}
) 12... Qe7 $1 13. c5 $1 (13. cxd5 $2 Nxd5 14. Qb3 Rac8 15. e4 Nc3 $1 $19)
13... bxa3 14. Bxa5 bxa5 15. Bxa6 Bxa6 16. Qb3 {[%cal Ra6f1] Strange position.
Very rarely Black can win two pawns and not allow to white K to make castle,
but situation is not so simple. Blacks pawn are weak, and if White will get
time to improve position of their K they can get nice game, but Sax doesn,t
want to give time to White!} e5 $1 17. Qxa3 Nh5 $1 {Brilliant idea! Black's
position is not bad at all and after} (17... exd4 $5 18. Nf5 Qe5 19. Nxd4 Rfe8
(19... Rab8 20. Rxb8 Qxb8 (20... Rxb8 21. Nc6 Qg5 $5 22. Nxb8 (22. Kf2 Ne4+ $1
23. fxe4 Qf6+ 24. Kg3 Qxc6 $19) 22... Qxg2 23. Nxa6 Qxh1+ 24. Kd2) 21. Kf2 Re8
22. c6 $132) 20. Kf2 Rab8 $5 21. Rxb8 Rxb8 22. c6 Rb4 23. Nc5 Bb5 $132 {
but move in text is much stronger.}) 18. Nxh5 {What else?} exd4 19. Nf4 Rfe8
20. Rd1 Qg5 $4 {Terrible mistake and what is especially painful just in moment,
when Sax was very close to nice victory. I didn,t found defence for White after
} (20... Qe5 $1 {for example:} 21. g3 (21. Nh3 $2 Qf6 22. Kf2 dxe3+ 23. Kg1 Qh4
$19) 21... g5 $1 (21... Rab8) 22. Ng2 (22. Nh5 Qf5 $19) 22... dxe3 23. Nc3 d4
24. Ne4 g4 $1 $19) 21. Rxd4 1-0

[Event "New York op"]
[Site "New York"]
[Date "1998.03.17"]
[Round "4"]
[White "Shulman, Yuri"]
[Black "Movsesian, Sergei"]
[Result "0-1"]
[WhiteElo "2480"]
[BlackElo "2595"]
[Annotator "Psakhis,L"]
[PlyCount "80"]
[EventDate "1998.03.16"]
[EventType "swiss"]
[EventRounds "9"]
[EventCountry "USA"]
[SourceTitle "CBM 064"]
[Source "ChessBase"]
[SourceDate "1998.06.02"]
[SourceVersion "1"]
[SourceVersionDate "1998.06.02"]
[SourceQuality "1"]

1. d4 e6 2. c4 Bb4+ 3. Nc3 Nf6 4. e3 c5 5. Nge2 cxd4 6. exd4 O-O 7. a3 Be7 8.
d5 exd5 9. cxd5 Re8 10. d6 Bf8 11. g3 b6 12. Bg2 Nc6 13. Nb5 (13. O-O Ba6 14.
Bf4 Rc8 15. Re1 Ne5 16. Qa4 Bc4 17. Red1 Bxe2 18. Nxe2 Nc4 19. Rdc1 Nxd6 20.
Nc3 a5 21. Qd4 Nf5 22. Qd3 $44 {1-0 Sadler,M-Nikolic,P/Amber rapid 1998 (62)})
(13. b4 $5 Rb8 (13... Bb7 14. O-O Rb8 (14... Qb8 15. Nb5 Ne5 16. Nc7 Nf3+ 17.
Kh1 Rxe2 18. Qxe2 Bxd6 19. Bxf3 Qxc7 20. Bxb7 Qxb7+ 21. Kg1 $16 {1-0 Kharlov,
A-Van der Wiel,J/Leeuwarden op 1997 (74)}) 15. Nb5 a5 16. Nc7 Re5 17. b5 Na7
18. Bxb7 Rxb7 19. Bf4 Bxd6 20. Qxd6 Rxe2 21. Rac1 Qe7 {1/2-1/2 Aleksandrov,
A-Hjartarson,J/Wch Groningen 1997 (61)}) 14. O-O h6 15. Nb5 Ba6 16. Nec3 Re5
17. a4 Re6 18. Nd5 Bxd6 19. Bb2 $44 {1-0 Vaiser,A-Adrian,C/FRA-ch Auxerre 1996
(29)}) 13... Ba6 14. a4 Ne4 (14... Rc8 15. O-O Bxb5 16. axb5 Na5 17. Nc3 g6 18.
b4 Rxc3 19. bxa5 Bg7 20. Bb2 Rc8 21. axb6 Qxb6 22. Qd3 Rb8 23. Ra6 Qxb5 24.
Qxb5 Rxb5 25. Bxf6 Bxf6 26. Rxa7 {1/2-1/2 Shulman,Y-Tunik,G/Pardubice op 1996})
15. Be3 Qf6 16. O-O Qxb2 17. Rb1 {N/ Just this move is a new one, but it looks
that Black getting enough counterplay+pawn} (17. Re1 $5 Bxb5 (17... Qf6 18. Nc7
Nxf2 $5 {[%cal Gf6a1,Ga6e2,Ge8e2]} 19. Bxf2 Rxe2 20. Rf1 $1) 18. axb5 Na5 19.
Ra4 Nxd6 20. Bxa8 Rxa8 21. Rd4 Ndc4 22. Rxd7 Qxb5 23. Nc3 Qc6 24. Bf4 Nb2 25.
Qd5 Qxd5 26. Nxd5 h6 {1-0 Gurevich,D-Adorjan/New York 1984 (71)}) 17... Qe5 18.
Bf4 (18. Nc7 $2 Bxe2 19. Qxe2 Nc3) (18. Ned4 Rac8) 18... Qf5 19. Re1 (19. Ned4
Nxd4 20. Qxd4 Rac8 (20... Re6 21. Rfc1 Bxb5 (21... Bb7 22. Nc7) 22. Rxb5 Qg6
23. Re5 $5 $44 {[%csl Re4][%cal Gg2a8]}) 21. Rfe1 Bxb5 22. Bxe4 (22. Rxb5 Nc5
$17) 22... Rxe4 $1 23. Rxe4 (23. Qxe4 Qxe4 24. Rxe4 Bd3) 23... Rc4 24. Rxb5
Qxe4 25. Qxe4 Rxe4 26. a5 $15) 19... Rac8 (19... Qg6 $5 {[%csl Rd6]}) 20. Ned4
Nxd4 21. Qxd4 Bxb5 $1 22. Rxb5 (22. Bxe4 $5 Rxe4 23. Rxe4 Rc4 24. Rxb5 Qxe4 (
24... Rxd4 $2 {[%csl Rf8]} 25. Rxd4 $16) 25. Qxe4 Rxe4 26. a5 $15) 22... Nc5
$17 {Now start to be compleatly clear that White hasn,t pawn and any
compensation for it.} 23. Rd1 (23. Re3 Qc2 {[%cal Gc5e6]} 24. Rb4 Rxe3 25. Bxe3
Nd3 26. Rb5 Rc4 27. Qd5 Rxa4 {[%cal Ra4a1]}) 23... Qc2 $1 {[%csl Ra4][%cal
Gc5e6]} 24. Be3 (24. Rc1 Qxa4 25. Rb4 Qa3 26. Ra1 Qd3) 24... Nxa4 25. Rd2 Qc1+
26. Rd1 Qc2 27. Rd2 Qc4 $19 28. Qxc4 Rxc4 29. Bf1 Rc6 30. Rb1 (30. Bh3 $5)
30... Nc3 31. Ra1 a5 $19 {[%csl Rd6]} 32. Rb2 Nd5 {[%cal Gd5b4]} 33. Bg2 Rxd6
34. Bxd5 Rxd5 35. Rxb6 (35. Bxb6 Rb8) 35... Ra8 (35... Bb4 $5) 36. Ra4 f6 37.
Rb2 Be7 38. Rd2 $6 {Black are winning any case, but rook exchange makes their
task much easy.} Rxd2 39. Bxd2 Bd8 40. Kg2 Kf7 0-1

[Event "Lee Cup 4th"]
[Site "Beijing"]
[Date "1997.08.28"]
[Round "5"]
[White "Wang, Lei"]
[Black "Alterman, Boris"]
[Result "0-1"]
[WhiteElo "2375"]
[BlackElo "2615"]
[Annotator "Psakhis,L"]
[PlyCount "70"]
[EventDate "1997.08.23"]
[EventType "swiss"]
[EventRounds "11"]
[EventCountry "CHN"]
[SourceTitle "CBM 061"]
[Source "ChessBase"]
[SourceDate "1997.11.23"]
[SourceVersion "1"]
[SourceVersionDate "1997.11.23"]
[SourceQuality "1"]

1. d4 Nf6 2. c4 e6 3. Nc3 Bb4 4. e3 c5 5. Nge2 cxd4 6. exd4 O-O 7. a3 Be7 8. d5
exd5 9. cxd5 Re8 10. d6 Bf8 11. g3 b6 12. Bg2 Nc6 13. O-O ({Deserves attention
} 13. b4 $5 Rb8 14. O-O g6 15. Bf4 Bb7 16. Nb5 Nh5 17. Nc7 Rxe2 $5 18. Qxe2
Nxf4 19. gxf4 Nd4 (19... Bxd6 $5) 20. Qe5 $14 {1-0 Yakovich,Y-Tunik,G/
Ekaterinburg op 1997 (59)}) 13... Ba6 14. Re1 (14. b4 Bxe2 15. Nxe2 Rc8 16. Nf4
Ne5 17. Qa4 Bxd6 18. Qxa7 Nc4 19. Ra2 Ne4 $11 {1-0 Nylen,A-Jonsson,K/SWE-chop
1997/EXP 57 (42)}) 14... Rc8 15. b4 $6 {Optimistic move, maybe too optimistic.
Stronger was to continue development} (15. Bf4 Ne5 16. Qa4 Bc4 (16... Bxe2 17.
Rxe2 Nd3 18. Rd2 Nc5 19. Qd1 Nce4 20. Nxe4 Nxe4 21. Rd4 Nc5 22. Bd5 Qf6 23. Qd2
h6 24. h4 Ne6 25. Re4 Nc5 26. Rb4 Kh8 27. Rd1 Ne6 28. Kg2 Nc5 29. Ba2 Rc6 30.
Qd5 Re6 31. Bg5 {Polaczek,R-Henley,R/Philadelphia World op 1989/EXT 89op/1-0 
(44)}) 17. Red1 Ng6 18. Rd2 a5 19. Qd1 b5 20. Be3 b4 21. axb4 axb4 22. Nd5 Nxd5
23. Bxd5 Bxd5 24. Rxd5 Ne5 $11 {Miles,A-Csom,I/Esbjerg 1984/MCL 02/1/2-1/2 (58)
}) 15... Bc4 16. b5 Ne5 $15 {[%csl Rd3][%cal Ye5d3,Yf6g4]} 17. Nf4 (17. Qd4 Re6
(17... Bxe2 18. Nxe2 Rc4 19. Qd1 Re6) 18. Bg5 Bxe2 19. Rxe2 Bxd6 $15) (17. Qa4
$2 Bxe2 18. Nxe2 Nd3 $19) 17... Bxd6 $1 18. Bb2 (18. Qxd6 $2 Nf3+ 19. Bxf3
Rxe1+ 20. Kg2 Bf1+ $19) 18... Bf8 (18... Bc5 $142 $1 {[%csl Rf2][%cal Rc5f2,
Rf6g4]}) 19. Rc1 Ng6 20. Rxe8 Qxe8 21. Ncd5 (21. Nxg6 hxg6 22. Qa4 Rc7 $17)
21... Nxd5 22. Nxd5 (22. Bxd5 Bxd5 23. Rxc8 Qxc8 24. Nxd5 Qc4 $17) 22... Rc5 {
[%csl Rb5,Rd5]} (22... Bxb5 $1 23. Nc7 $140 Qe2 $1 24. Nxb5 Rxc1 25. Qxc1 Qxb5
$19) 23. Rxc4 $6 (23. a4 Qe6 24. Nc3 Re5) 23... Rxc4 24. h4 Ne7 $19 25. Ne3 Rc5
26. a4 Nf5 27. Nd5 (27. Nxf5 Rxf5 28. Bh3 Rc5 29. Bxd7 Qe4 30. Bc6 Qc2 $19)
27... Qe6 28. h5 h6 29. Bf3 Bd6 30. Qd2 Be5 31. Nf4 Qd6 32. Qxd6 Nxd6 33. Ba3
Rc3 34. Bb2 Rxf3 35. Bxe5 Nc4 (35... Nc4 36. Bb8 Ra3 $19) 0-1

[Event "Skopje op 18th"]
[Site "Skopje"]
[Date "2002.01.19"]
[Round "5"]
[White "Onischuk, Alexander"]
[Black "Rogozenco, Dorian"]
[Result "1/2-1/2"]
[WhiteElo "2655"]
[BlackElo "2530"]
[Annotator "Rogozenco,D"]
[PlyCount "41"]
[EventDate "2002.01.15"]
[EventType "swiss"]
[EventRounds "9"]
[EventCountry "MKD"]
[SourceTitle "CBM 088"]
[Source "ChessBase"]
[SourceDate "2002.03.21"]
[SourceVersion "1"]
[SourceVersionDate "2002.03.21"]
[SourceQuality "1"]

1. d4 Nf6 2. c4 e6 3. Nc3 Bb4 4. e3 c5 5. Nge2 b6 6. a3 Ba5 7. Rb1 Qe7 $5 8.
Bd2 Ba6 9. b4 $1 {No doubt this is most ambitious and strongest continuation.}
(9. Ng3 cxd4 10. exd4 Bxc3 11. Bxc3 O-O 12. b4 Rc8 13. b5 Bb7 14. Bb4 d6 15. a4
a6 16. Rb3 axb5 17. axb5 Qc7 18. f3 Nbd7 19. Bd3 d5 $132 {0-1 Bengtson,
M-Gurevich,D/Philadelphia 1998 (68)}) (9. Qa4 cxd4 10. Nxd4 Bxc3 11. Bxc3 Ne4
12. Bb4 Nc5 13. Qc2 d6 14. Be2 Bb7 $13 {0-1 Jelen,I-Grosar,A/Nova Gorica 1994 
(37)}) (9. Nf4 cxd4 10. exd4 Bxc3 11. Bxc3 d5 12. g3 Qd7 13. b3 Bb7 14. Bg2
dxc4 $2 (14... O-O $13) 15. d5 $1 $36 {1-0 Scherbakov,R-Jakovenko,D/Omsk 2001 
(48)}) 9... cxb4 10. axb4 Bxb4 11. Rxb4 Qxb4 12. Nb5 Qe7 13. Nc7+ Kd8 14. Nxa8
Bxc4 15. Nc3 (15. Qb1 Qd6 16. Qa1 Nc6 {/\17. ... Qb8-/+.}) 15... Bxf1 16. Rxf1
d5 $146 (16... Nc6 $2 17. Nb5 a6 18. Nc3 Qd6 19. Nxb6 $18 {1-0 Shulman,Y-Jurek,
J/Pardubice 1996 (35)}) 17. Nb5 $8 Qb7 (17... Ne8 $2 18. Qa4 $16) (17... a6 $2
18. Nbc7 $16) 18. Nd6 (18. Qc1 $1 {The only way to put Black some problems.}
Ne8 $140 (18... Qxa8 $2 19. Qc7+ $18) 19. Nac7 $1 Nf6 {/\20. ... a6} (19...
Nxc7 $2 20. Nd6 $18) 20. Ke2 (20. Qa3 a6 21. Qd6+ Nbd7 22. Nxa6 Qxa6 23. Qc7+
Ke8 24. Nd6+ Ke7 $17) (20. Na8 $11) (20. Na8 $11) 20... a6 21. Nxa6 Nxa6 22.
Qa3 {and White has a strong compensation.}) (18. Qa4 $5 Qxa8 19. Ke2 $13 Qb7
$140 $6 20. Rc1 $36) 18... Qe7 (18... Qd7 $5 19. Qa1 $1 (19. Bb4 Ne8 20. Nxe8
Rxe8 21. Qh5 $5 $13 (21. Qc2 Nc6 (21... Qc6 $6) (21... Qc6 $6) 22. Ba3 g6 $1
23. Ke2 Qb7 24. Rc1 Kd7 $17)) 19... Qxd6 20. Qxa7 {- 19.Qa4 Qxd6 20.Qxa7, see
the annotation of the next move.}) 19. Nb5 (19. Bb4 $6 Ne8 $17) (19. Qa4 $5
Qxd6 20. Qxa7 $44 Nfd7 $1 (20... Nbd7 21. Ke2 Qc6 (21... Ke7 $2 22. Rb1 $18)
22. Rc1 Qb5+ 23. Ke1 $44) 21. Ke2 Nc6 22. Qa4 $1 (22. Qb7 Ke7 (22... Na5 $6 23.
Bxa5 bxa5 24. Rb1 {/\25.Nb6|^}) 23. Rc1 (23. Nxb6 Nxd4+ $19) 23... Rb8 $17)
22... Ke7 23. Rc1 b5 $1 (23... Rc8 24. Bb4 $18) 24. Qxb5 Rb8 $11 25. Qa4 Nb6
26. Nxb6 Rxb6 $11) 19... Qb7 20. Nd6 Qe7 21. Nb5 1/2-1/2

[Event "St Petersburg op2"]
[Site "St Petersburg"]
[Date "1994.??.??"]
[Round "4"]
[White "Ibragimov, Ildar"]
[Black "Serper, Grigory"]
[Result "0-1"]
[WhiteElo "2480"]
[BlackElo "2575"]
[Annotator "Serper,G"]
[PlyCount "92"]
[EventDate "1994.10.??"]
[EventType "swiss"]
[EventRounds "9"]
[EventCountry "RUS"]
[SourceTitle "CBM 043 Extra"]
[Source "ChessBase"]
[SourceDate "1995.01.01"]
[SourceVersion "1"]
[SourceVersionDate "1995.01.01"]
[SourceQuality "1"]

1. d4 Nf6 2. c4 e6 3. Nc3 Bb4 4. e3 c5 5. Nge2 b6 6. a3 Ba5 7. g3 $5 (7. Rb1
Na6 8. Ng3 Bb7 9. Bd3 h5 $5 {Vaisser,A-Serper,G/Novosibirsk/1993/0,5/67/}) 7...
Bb7 8. d5 b5 $1 9. Bg2 bxc4 10. e4 exd5 11. exd5 O-O 12. O-O d6 13. Bf4 (13.
Bg5 Nbd7) 13... Nh5 (13... Na6 $5) 14. Be3 Nd7 15. Ne4 $1 Qb6 $6 (15... Qc7 $32
{/\Nhf6 /}) 16. Nd4 $1 Nhf6 (16... cxd4 17. Bxd4 $16) (16... Bxd5 $2 17. Nf5
Bxe4 18. Bxe4 Rae8 19. Nxd6 $18) 17. Nf5 Nxe4 18. Qg4 (18. Bxe4 $5 Nf6 19. Bg2
g6 20. Bg5 $16) 18... g6 19. Ne7+ Kh8 20. Qxd7 (20. Qxe4 $5 Rfe8 21. Qh4 Qd8 $6
22. Bg5) 20... Nf6 21. Qa4 Rfe8 22. Bg5 Kg7 23. Qxc4 $1 h6 $1 (23... Rxe7 24.
Bxf6+ Kxf6 25. Qh4+ g5 26. Qh6+ $18) 24. Bxf6+ Kxf6 25. Nc6 Bxc6 26. dxc6 Kg7
27. Rab1 $6 (27. Rad1 Re6 $2 (27... Qc7 $5 $14) 28. c7 {/\Bh3+/-/}) 27... Qc7
28. b4 cxb4 29. axb4 Bb6 30. Rfe1 Re5 31. Re2 Rae8 32. Rbe1 Qd8 33. Kf1 (33.
Rxe5 $10) 33... Qf6 $1 {/\34...Qf2!! 35.Rf2 Re1#/} 34. Qf4 $8 Rf5 $138 (34...
Qxf4 $10) 35. Rxe8 Rxf4 36. gxf4 Qxf4 37. R8e2 Qxb4 38. Rc1 Qf4 39. Rec2 $4 (
39. Rcc2 d5 40. Bxd5 Qxh2 $13) 39... Bxf2 $1 40. c7 Bb6+ 41. Ke2 Qe3+ 42. Kd1
Qg1+ 43. Ke2 Qe3+ 44. Kd1 Qg1+ 45. Ke2 Qxg2+ 46. Kd3 Qf3+ 0-1

[Event "St Petersburg op"]
[Site "St Petersburg"]
[Date "1995.??.??"]
[Round "1"]
[White "Graf, Alexander"]
[Black "Orlov, Vassily"]
[Result "1-0"]
[WhiteElo "2605"]
[BlackElo "2435"]
[Annotator "Shipov,S"]
[PlyCount "47"]
[EventDate "1995.05.??"]
[EventType "swiss"]
[EventRounds "9"]
[EventCountry "RUS"]
[SourceTitle "CBM 046 Extra"]
[Source "ChessBase"]
[SourceDate "1995.07.01"]
[SourceVersion "1"]
[SourceVersionDate "1995.07.01"]
[SourceQuality "1"]

1. d4 Nf6 2. c4 e6 3. Nc3 Bb4 4. e3 c5 5. Nge2 b6 6. a3 Ba5 7. Rb1 Qe7 (7...
Na6) 8. Bd2 (8. Qa4 Nc6 9. dxc5 bxc5 10. Bd2 O-O 11. Nf4 Bc7 12. Nd3 Ne5 $10 {
Dereviagin,V-Kveinys,A/POL/1991/}) 8... O-O (8... Nc6 9. Ng3 cxd4 10. exd4 Bxc3
11. Bxc3 d5 12. Bd3 dxc4 13. Bxc4 Nd5 14. O-O $14 {Garcia Gonsales-Romanishin,
O/Cuba/1977/}) (8... Ba6 $5 9. Qa4 cxd4 10. Nxd4 Bxc3 11. Bxc3 Ne4 12. Bb4 Nc5
13. Qc2 d6 14. Be2 Bb7 15. Bf3 O-O $10 {Jelen,I-Grosar,A/Nova Gorica/1994/}) 9.
b4 $5 (9. Ng3 Nc6 $1 $132) 9... cxb4 10. axb4 Bxb4 11. Rxb4 $8 Qxb4 12. Nd5 (
12. Nb5 Qxc4 $17) 12... Qa3 (12... Nxd5 13. Bxb4 Nxb4 14. Nc3 (14. Nf4 N8c6 15.
d5 Ne5 16. Be2 Na6 $1 17. Qa1 f6 18. dxe6 dxe6 19. Nxe6 Bxe6 20. Qxa6 Nd7 $10 {
Wexler,B-Spassky,B/Mar del Plata/1960/}) 14... N8c6 15. Be2 d5 16. O-O dxc4 17.
Bxc4 Na5 18. Qa4 Nxc4 19. Qxb4 Na5 20. e4 $16) (12... Qxc4 13. Nxf6+ (13. Nec3
Qxd5 14. Nxd5 Nxd5 $13) 13... gxf6 14. Nf4 $40) 13. Nxf6+ (13. Bb4 Qb2 14. Bc3
(14. Nxf6+ $2 gxf6 15. Bxf8 Kxf8 $15) 14... Qa3 15. Bb4 Qb2 $10) 13... gxf6 14.
Nf4 $44 Kh8 $5 (14... f5 $2 15. g4 $1 $40) (14... Bb7 $2 15. Qg4+ $1 Kh8 16.
Bd3 $40) (14... Nc6 15. Qg4+ Kh8 16. Qh4 $1 Qa1+ 17. Ke2 Qb1 18. Qxf6+ Kg8 19.
g4 $40) 15. Bd3 f5 $6 (15... Rg8 $32 16. Qh5 Rg7 17. Qh6 (17. O-O Bb7 18. Qh6
$2 Qxd3 $1) 17... Qa1+ 18. Ke2 Qxh1 19. Bxh7 Ba6 $13) 16. e4 $6 (16. g4 $1 Bb7
17. gxf5 Bxh1 18. Qh5 $40) 16... Nc6 $1 (16... fxe4 $6 17. Bxe4 d5 18. Bxh7 $40
) 17. exf5 Nxd4 18. O-O (18. Qh5 $2 Qa1+) 18... Bb7 $17 19. Re1 $1 Nxf5 $2 (
19... Rg8 20. Re3 (20. Be3 e5 $17) 20... Qd6 $17) 20. Bxf5 exf5 21. Re3 Qa2 (
21... Qc5 $5 22. Bc3+ f6 23. Qxd7 Rad8 $1 24. Qxb7 Rd1+ 25. Be1 $16) 22. Bc3+
f6 23. Qxd7 Qxc4 $2 (23... Qb1+ 24. Be1 Be4 (24... Rad8 25. Qxb7 Rd1 26. Qe7
$18)) 24. Ng6+ (24. Ng6+ Kg8 25. Nxf8 $18) 1-0

[Event "Olympiad-31"]
[Site "Moscow"]
[Date "1994.12.08"]
[Round "7.1"]
[White "Shirov, Alexei"]
[Black "Yudasin, Leonid"]
[Result "1-0"]
[WhiteElo "2740"]
[BlackElo "2625"]
[Annotator "Shirov,A"]
[PlyCount "71"]
[EventDate "1994.12.01"]
[EventType "team-swiss"]
[EventRounds "14"]
[EventCountry "RUS"]
[SourceTitle "CBM 045"]
[Source "ChessBase"]
[SourceDate "1995.04.01"]
[SourceVersion "1"]
[SourceVersionDate "1995.04.01"]
[SourceQuality "1"]
[WhiteTeam "Latvia"]
[BlackTeam "Israel"]
[WhiteTeamCountry "LAT"]
[BlackTeamCountry "ISR"]

1. d4 {Moiseev} Nf6 2. c4 e6 3. Nc3 Bb4 4. e3 c5 5. Nge2 cxd4 6. exd4 d5 (6...
O-O {Moiseev}) 7. c5 (7. a3 {Moiseev}) 7... Ne4 8. Bd2 Nxd2 9. Qxd2 a5 10. a3
Bxc3 11. Nxc3 a4 12. Bd3 Bd7 $5 (12... b6 {Moiseev} 13. cxb6 Qxb6 14. Bc2 Bd7
15. O-O O-O 16. Rfe1 g6 17. Re3 $14 {Lautier,J-Yudasin,L/Manila(izt)/1990/1:0/
31/}) 13. O-O Nc6 $5 14. Bc2 (14. Rae1 $2 {Moiseev} Nxd4 $1 15. Nxd5 Bc6 16.
Nb6 Ra5 $1 $17 {Ivanchuk,V-Seirawan,J/Tilburg/1992/0,5/62/Inf 57/536/} 17. Qxa5
$4 Nf3+ 18. Kh1 Qh4 19. h3 Qf4 $19 {Seirawan}) 14... Ne7 15. Rae1 (15. Rfe1 b6
16. Qd1 bxc5 17. dxc5 Qa5 18. Nxd5 exd5 19. Qxd5 Be6 {Rechlis,G-Portisch,L/
Manila izt/1990/} (19... Be6 {Moiseev} 20. Qg5 Ng6 21. Re4 O-O 22. Rxa4 Qb5 23.
Rxa8 Rxa8 $17 {Rechlis,G-Portisch,L/Manila(izt)/1990/1:0/57/})) (15. Qd1 $5 Qa5
16. Qg4 g6 17. Qg5 Qd8 $1 18. Qh6 Ng8 $1 $13 {Yudasin}) 15... b6 (15... O-O 16.
Qd1 Qa5 17. Re3 $5) 16. Qd1 bxc5 17. dxc5 Qa5 18. Qd4 (18. Nxd5 $2 {Moiseev}
exd5 19. Qxd5 Be6 $17) 18... O-O $1 19. Re3 (19. Bxh7+ $6 Kxh7 20. Qh4+ Kg8 21.
Qxe7 Ra7 22. Qd6 Rd8 $1 $15) 19... f5 $2 (19... Rfc8 20. Rh3 (20. Bxh7+ $6 Kxh7
21. Qh4+ Kg8 22. Qxe7 Qd8 $1 $15) 20... Ng6 21. Bxg6 hxg6 (21... fxg6 22. Ne4
$1 $13) 22. Qh4 f6 23. Qh7+ Kf7 24. Rh6 $1 Rg8 25. Rxg6 Qxc5 26. Qh5 $1 Rac8 $1
$13) (19... Nc6 $2 {Moiseev} 20. Qh4 (20. Bxh7+ $2 Kxh7 21. Qh4+ Kg8 22. Rh3 f6
23. Qh7+ Kf7 24. Rg3 Rg8 $19) 20... f5 21. Nxa4 Qd2 22. Nb6 $16) 20. Bxa4 $1
Bxa4 21. Rxe6 Ng6 (21... Nc6 22. Qxd5 $44) (21... Rf7 $6 {Moiseev} 22. Rfe1)
22. b4 $1 (22. Nxd5 $6 Bb3 $1 (22... Rad8 {Moiseev})) (22. Qxd5 $2 Nf4) 22...
Qa7 23. b5 Qa5 24. b6 Be8 25. Nxd5 $5 (25. b7 Rb8 26. Rb6 $16) 25... Bf7 26.
Rxg6 $5 (26. Rd6 {Moiseev} Qxa3 {/\ Ra4}) 26... Bxg6 (26... hxg6 $4 27. Ne7+
Kh7 28. Qh4#) 27. c6 Rae8 $1 28. b7 Bf7 (28... Re1 29. h3 Rxf1+ 30. Kxf1 Re8
31. Kg1 $18) (28... Qb5 $142 $5 {Moiseev} 29. Nc7 (29. Nb4 $5) 29... Qxc6 30.
Nxe8 Rxe8 31. Qa7 (31. Rb1 $2 Qxb7 $19) 31... Qc7 32. Rb1 Rb8 33. h4 (33. a4 f4
$19) 33... Be8 $17) 29. Nb6 Be6 (29... Re1 30. Qb4 Rxf1+ 31. Kxf1 Qa6+ 32. Kg1
$18) (29... Rd8 $5 {Moiseev} 30. Qb4 $5 $13 (30. Qxd8 $2 Rxd8 31. c7 Qxb6 32.
c8=Q Be6 33. Qa8 Bd5 $19) (30. Nd7 Qc7)) 30. h4 (30. a4 Rd8 31. Qb2) (30. c7
$142 $1 {Moiseev} Qxa3 (30... Qa7 31. c8=Q Bxc8 32. bxc8=Q Rxc8 33. Qd5+ Qf7
34. Qxf7+ Kxf7 35. Nxc8 Rxc8 36. Ra1 $18) (30... Qa6 31. c8=Q Rxc8 32. bxc8=Q
Bxc8 33. Qd5+ $16) 31. c8=Q Rxc8 (31... Bxc8 32. b8=Q $18) 32. Nxc8 $18) 30...
Qxa3 31. Rb1 (31. c7 $5 {Moiseev}) 31... Rd8 $2 $138 (31... Qa7 32. Qd6 $1 Qb8
33. Nc8 $1 Rxc8 34. Qxe6+ Kh8 35. bxc8=Q $18) (31... Qa2 32. Rb4 Qe2 33. Qd6
$16) (31... Ba2 $5 $13 {Moiseev}) 32. Qxd8 Rxd8 33. c7 Rf8 (33... Qd6 34.
cxd8=Q+ (34. b8=Q $4 {Moiseev} Rxb8 $19) (34. c8=Q $4 {Moiseev} Bxc8) 34...
Qxd8 35. Nc8 Bxc8 36. b8=Q $18) 34. b8=Q f4 35. Re1 Qd6 36. c8=Q (36. c8=Q Qxb8
37. Qxe6+ $18 (37. Qxe6+ {Moiseev} Kh8 38. Nd7 $16)) (36. Rxe6 $18 {Moiseev})
1-0